Ústava České republiky podle stavu k 14.2.2003

Salvato in:
Dettagli Bibliografici
Natura: Libro
Lingua:ceco
Pubblicazione: Ostrava Sagit 2003
Serie:Úplné znění č. 368
Soggetti:
Tags: Aggiungi Tag
Nessun Tag, puoi essere il primo ad aggiungerne!!

MARC

LEADER 00000nam a2200000 4500
001 c143964
005 20221124084833.9
020 |a 80-7208-354-6 
041 0 |a cze 
044 |a CZ 
245 1 0 |a Ústava České republiky  |b podle stavu k 14.2.2003 
264 1 |a Ostrava  |b Sagit  |c 2003 
300 |a 192 s. 
490 1 |a Úplné znění  |v č. 368 
830 0 |a Úplné znění  |v č. 368 
610 2 0 |a právo ústavné 
610 2 0 |a Česko 
610 2 0 |a práva ľudské 
610 2 0 |a sloboda 
610 2 0 |a zákony 
610 2 0 |a právo štátne 
610 2 0 |a predpisy právne 
610 2 0 |a legislatíva 
610 2 0 |a právo